Minecraft Biomes - Sudden Death - Statistics

General Stats
  • This quiz has been taken 1,201 times
  • The average score is 8 of 18
Answers on the Grid
Answers color-coded by a green-red scale on the quiz's grid according to % correct below.
Badlands
Beach
Brushlands
Cherry Grove
Cloud Jungle
Coastal Wetlands
Crimson Forest
Dead Forest
Deep Dark
Enchanted Cave
Flower Forest
Frozen Ocean
Giant Redwood Forest
Icy Cavern
Icy Stone Plains
Jungle
Lush Desert
Mangrove Swamp
Meadow
Mushroom Fields
Nether Ocean
Oasis
Old Growth Pine Taiga
Overgrown Village
Pale Garden
Rainforest
River
Savanna
Snowy Slopes
Temperate Highlands
The End
Tropical Island
Volcanic Wastes
Willow Woods
Windswept Hills
Windswept Mesa
 
Answer Stats
Answer % Correct
Badlands
71%
Jungle
68%
Cherry Grove
61%
Crimson Forest
57%
The End
56%
Savanna
54%
Beach
52%
Deep Dark
52%
Mangrove Swamp
51%
Pale Garden
43%
Frozen Ocean
42%
Meadow
41%
Flower Forest
38%
Mushroom Fields
37%
River
37%
Old Growth Pine Taiga
30%
Windswept Hills
28%
Snowy Slopes
26%
No matching quizzes found
Score Distribution
Percent of People with Each Score
Percentile by Number Answered
Your Score History
You have not taken this quiz